Equipes onde atuavam os jogadores brasileiros que disputaram a Copa de 2010 - Statistics

Estatísticas Gerais
  • Esse quiz foi jogado 124 vezes
  • A pontuação média é 17 de 23
Estatísticas das Respostas
Jogador Posição Equipe % Correto
Daniel Alves Lateral Barcelona
96%
Kaká Meia Real Madrid
96%
Robinho Atacante Santos
94%
Thiago Silva Zagueiro Milan
93%
Júlio César Goleiro Internazionale
92%
Maicon Lateral internazionale
92%
Lúcio Zagueiro Internazionale
92%
Doni Goleiro Roma
83%
Juan Zagueiro Roma
83%
Júlio Baptista Atacante Roma
83%
Luisão Zagueiro Benfica
80%
Ramires Meia Benfica
80%
Felipe Melo Meia Juventus
80%
Kléberson Meia Flamengo
78%
Luís Fabiano Atacante Sevilla
66%
Gilberto Lateral Cruzeiro
63%
Josué Meia Wolfsburg
60%
Grafite Atacante Wolfsburg
60%
Michel Bastos Lateral Olympique Lyonnais
58%
Elano Meia Galatasaray
53%
Gomes Goleiro Tottenham
53%
Nilmar Atacante Villarreal
44%
Gilberto Silva Meia Panathinaikos
28%
Nenhum quiz correspondente encontrado
Distribuição das Pontuações
Porcentagem de Pessoas com Cada Pontuação
Percentil de Números Respondidos
Sua Pontuação Histórica
Você não jogou esse quiz